000 nam a22 7a 4500
999 _c51694
_d51694
003 OSt
005 20220421104304.0
008 220421b xxu||||| |||| 00| 0 eng d
040 _csero soft
100 _aSingh,Inderjeet
245 _aLabour Law (Hindi)
260 _aAllahabad
_bCentral Law Pub
300 _a828
942 _2ddc
_c02